000 00661nam a2200241Ia 4500
003 GCL
008 140319s9999 xx 000 0 eng d
040 _aGCL /
_cGCL
082 0 4 _a371.91
_bG A
100 1 _aARMSTRONG, D. M.
245 1 0 _aTHE ASSESSMENT OF SPECIAL EDUCATIONAL NEEDS: WHOSE PROBLEM ? /
_cARMSTRONG, D. M.
700 1 _aGALLOWAY, DAVID
260 _a[S.N] :
_bLONGMAN ،
_c1994
300 _a176 P
650 0 4 _aPROBLEM CHILDREN
650 0 4 _aMENTALLY ILL CHILDREN
650 0 4 _aEDUCATION
650 0 4 _aEVALUATION
650 0 4 _aEDUCATION AND STATE
650 0 4 _aSPACE AND TIME
650 0 4 _aHANDICAPPED CHILDREN
942 _2ddc
_cBK
999 _c24370
_d24370